| 000 | 01111cab a2200277 4500 | ||
|---|---|---|---|
| 001 | WB3125-31 | ||
| 008 | 090401t1995 xxu||||| |||| 00| 0 eng d | ||
| 035 | _a(Sirsi) u15295 | ||
| 041 | _aeng | ||
| 245 | _aLandlords scramble to keep powers | ||
| 260 | _c1995 | ||
| 350 | _a0 | ||
| 490 |
_aObserver _v25 June 1995, 14(1) |
||
| 520 | _aLandlords are anxious to submit estate management schemes to the leasehold valuation tribunal before 1 November 1995 deadline under Leasehold Reform Housing and Urban Development Act 1993. Approval for landlord`s right of entry without owner`s permission has angered residents; Grosvenor Estate residents have appealed to the LT. | ||
| 650 | _aCAMPDEN CHARITIES | ||
| 650 | _aESTATE MANAGEMENT SCHEMES | ||
| 650 | _aGROSVENOR ESTATE | ||
| 650 | _aLEASEHOLD ENFRANCHISEMENT ASSOCIATION | ||
| 650 | _aLEASEHOLD ENFRANCHISEMENT | ||
| 650 | _aLEASEHOLD REFORM, HOUSING AND URBAN DEVELOPMENT ACT 1993 | ||
| 650 |
_aProperty management _96262 |
||
| 650 | _aSMITHS CHARITY | ||
| 690 | _aLANDLORD AND TENANT-LEASEHOLD REFORM | ||
| 942 | _n0 | ||
| 948 | _c04/03/1997 | ||
| 999 |
_c10013 _d10013 |
||